[Event "Quebec op"]
[Site "Quebec"]
[Date "1971.10.09"]
[Round "1"]
[White "Dumas, Ghislain"]
[Black "Brodie, Hugh"]
[Result "0-1"]
[WhiteElo "1500"]
[BlackElo "1750"]
[PlyCount "54"]
[EventDate "1971.10.09"]
[EventType "swiss"]
[EventRounds "6"]
[EventCountry "CAN"]
[SourceTitle "EXT 2022"]
[Source "ChessBase"]
[SourceDate "2021.10.06"]
[SourceVersion "1"]
[SourceVersionDate "2021.10.06"]
[SourceQuality "1"]

1. c4 e5 2. Nc3 Nc6 3. g3 d6 4. Bg2 g6 5. e3 Bg7 6. Nge2 f5 7. d3 Nf6 8. 0-0 0-0 9. Nd5 Ne7 10. Nxe7+ Qxe7 11. b3 c6 12. Nc3 Nh5 13. Bd2 Be6 14. Rc1 f4 15. exf4 exf4 16. g4 Nf6 17. Bf3 g5 18. Qe2 Qd7 19. h3 h5 20. Rce1 Rae8 21. Qd1 hxg4 22. hxg4 Bxg4 23. Bxg4 Nxg4 24. Kg2 f3+ 25. Kh1 Be5 26. Re4 Qh7+ 27. Kg1 Qh2# 0-1